| 000 | 00637nam a2200193 a 4500 | ||
|---|---|---|---|
| 001 | 000040292 | ||
| 005 | 20201002034034.0 | ||
| 008 | 130802s2007 mx 000 0 spa d | ||
| 020 | _a9703230518 | ||
| 040 |
_aDO-SdBNP _bspa _cBNPHU |
||
| 100 | 1 |
_aEich, Gunter _d1907- _966573 |
|
| 245 | 1 | 0 |
_a50 topos / _cGünter Eich ; introducción y traducción Víctor Herrera/. |
| 246 | 1 | 3 | _aCincuenta Eich |
| 260 |
_aMéxico : _bUniversidad Nacional Autónoma de México, _c2007. |
||
| 300 |
_a104 p. ; _c18 cm. |
||
| 490 | 1 |
_aRelato Licenciado Vidriera _v41 |
|
| 700 | 1 |
_aHerrera, Víctor _966574 |
|
| 830 | 0 |
_aRelato Licenciado Vidriera _v41 _966234 |
|
| 999 |
_c39782 _d39782 |
||